Pattern recognition techniques /
Guardado en:
| Autor Principal: | |
|---|---|
| Formato: | Libro |
| Idioma: | English |
| Publicado: |
London :
Butterworths,
1973.
|
| Materias: | |
| Etiquetas: |
Agregar Etiqueta
Sin Etiquetas, Sea el primero en etiquetar este registro!
|
| LEADER | 00608cam a2200193 a 4500 | ||
|---|---|---|---|
| 001 | MAT.inmabb004624 | ||
| 008 | 740327s1973####enka#####b####001#0#eng## | ||
| 005 | 20160610153956.0 | ||
| 245 | 1 | 0 | |a Pattern recognition techniques / |c J. R. Ullmann. |
| 260 | |a London : |b Butterworths, |c 1973. | ||
| 300 | |a x, 412 p. : |b il. ; |c 23 cm. | ||
| 504 | |a Bibliografía: p. 374-403. | ||
| 020 | |a 0408704411 | ||
| 100 | 1 | |a Ullmann, Julian R. |q (Julian Richard), |d 1936- | |
| 650 | 0 | |a Optical pattern recognition. | |
| 084 | |a 68T10 |2 msc2000 | ||
| 010 | |a 74159274 | ||
| 040 | |a DLC |c DLC |d DLC | ||
| 859 | |h 68 |i Ul42 |p A-4517 |b BIB. MATEMATICA | ||
